| 000 | 01500nam0a2200313 4500 | ||
|---|---|---|---|
| 001 | RU\NLR\BIBL_A\022093767 | ||
| 005 | 20260408202029.0 | ||
| 010 |
_a978-5-00212-182-3 _9100 |
||
| 021 |
_aRU _b2023-70489 _9КН-П-7149 |
||
| 035 | _a(NLR Aleph) 022093767 | ||
| 090 |
_a12724851 _c12724851 |
||
| 100 | _a20231211d2022 |||y0rusy50 ca | ||
| 101 | 0 | _arus | |
| 102 | _aRU | ||
| 105 | _aa z 000yy | ||
| 181 | 0 |
_ai _baxxe |
|
| 182 | 0 | _an | |
| 200 | 1 |
_aНалоговое производство _eдля студентов и преподавателей экономических вузов, руководителей и специалистов финансов (бухгалтерских) подразделений коммерческих организаций, бухгалтеров, налоговых консультантов, работников налоговых служб _fЗ. А. Казимагомедова |
|
| 203 |
_aТекст _bвизуальный _cнепосредственный |
||
| 210 |
_aМахачкала _cАЛЕФ _d2022 |
||
| 215 |
_a262 с. _cтабл. _d21 |
||
| 320 | _aБиблиогр. в тексте | ||
| 606 |
_aНалоги _xРасчеты _yРоссийская Федерация _3RU\NLR\AUTH\661488798 _92511439 |
||
| 686 | 1 | _aУ26(2)141.3 | |
| 700 | 1 |
_aКазимагомедова _bЗ. А. _gЗарема Алияровна |
|
| 942 | _cBOOK | ||
| 980 | _aNB | ||